Principles and practices of personnel management (Record no. 588)

MARC details
000 -LEADER
fixed length control field 00859 a2200229 4500
008 - FIXED-LENGTH DATA ELEMENTS--GENERAL INFORMATION
fixed length control field 080820t xxu||||| |||| 00| 0 eng d
010 ## - LIBRARY OF CONGRESS CONTROL NUMBER
LC control number ENG-84846
020 ## - INTERNATIONAL STANDARD BOOK NUMBER
International Standard Book Number 8185396620
Terms of availability 450.00
035 ## - SYSTEM CONTROL NUMBER
System control number EN-68379
037 ## - SOURCE OF ACQUISITION
Source of stock number/acquisition D.B.Act / Pub
082 ## - DEWEY DECIMAL CLASSIFICATION NUMBER
Classification number 658.3
100 ## - MAIN ENTRY--PERSONAL NAME
Personal name Malhotra Abhishek
245 ## - TITLE STATEMENT
Title Principles and practices of personnel management
Statement of responsibility, etc by Abhishek Malhotra
250 ## - EDITION STATEMENT
Edition statement 1st ed.
260 ## - PUBLICATION, DISTRIBUTION, ETC. (IMPRINT)
Place of publication, distribution, etc Delhi
Name of publisher, distributor, etc S. S. Publishers
Date of publication, distribution, etc 2007
270 ## - ADDRESS
Address IX/5572, West Seelampur, Gandhi Nagar
City Delhi
State or province Delhi
Postal code 110031
Telephone number 22433202
300 ## - PHYSICAL DESCRIPTION
Extent 285p.
Dimensions 21 cm. (Hb)
500 ## - GENERAL NOTE
General note Includes index
650 ## - SUBJECT ADDED ENTRY--TOPICAL TERM
Topical term or geographic name as entry element Personnel management
942 ## - ADDED ENTRY ELEMENTS (KOHA)
Institution code [OBSOLETE] dpl
Koha item type English Books
Call number prefix 658.3 / MAL
Source of classification or shelving scheme Dewey Decimal Classification
Classification part 658.3
Call number suffix MAL
Holdings
Withdrawn status Lost status Damaged status Not for loan Home library Current library Date acquired Cost, normal purchase price Total Checkouts Full call number Barcode Date last seen Copy number Uniform Resource Identifier Cost, replacement price Price effective from Koha item type
        D.B.Act.Division D.B.Act.Division 20/08/2008 750.00   658.3 MAL EN-68379 15/09/2008 1 593 750.00 15/09/2008 English Books

© Delhi Public Library
Hit Counter
free hit counter